Current commissioned ships of the Russian navy - Statistics

General Stats
  • This quiz has been taken 43 times
  • The average score is 10 of 358
Answer Stats
Hint Answer % Correct
Patrol boats P-
84%
Aircraft carrier Kuznetsov
75%
Battlecruisers Kirov
41%
Cruisers Slava
41%
Landing craft D-???
31%
Battlecruisers Pyotr Velikiy
31%
Frigates Admiral Flota Sovetskogo Soyuza Gorshkov
22%
Destroyers Admiral Ushakov
16%
Special purpose submarine Belgorod
13%
Cruise missile submarine Omsk
13%
Cruise missile submarine Tomsk
13%
Frigates Admiral Grigorovich
9%
Destroyers Admiral Tributs
9%
Cruise missile submarine Kazan
9%
Conventional attack submarine Krasnodar
9%
Landing ships Minsk
9%
Nuclear attack submarine Nizhny Novgorod
9%
Cruise missile submarine Smolensk
9%
Frigates Admiral Essen
6%
Destroyers Admiral Levchenko
6%
Ballistic missile submarine Bryansk
6%
Cruise missile submarine Chelyabinsk
6%
Cruise missile submarine Irkutsk
6%
Landing ships Kaliningrad
6%
Conventional attack submarine Kaluga
6%
Ballistic missile submarine Karelia
6%
Destroyers Marshal Shaposhnikov
6%
Cruisers Marshal Ustinov
6%
Destroyers Nastoychivvy
6%
Nuclear attack submarine Nerpa
6%
Cruise missile submarine Novosibirsk
6%
Special purpose submarine Orenburg
6%
Nuclear attack submarine Pskov
6%
Nuclear attack submarine Samara
6%
Cruise missile submarine Severodvinsk
6%
Ballistic missile submarine Tula
6%
Cruise missile submarine Tver
6%
Conventional attack submarine Ufa
6%
Destroyers Vice Admiral Kulakov
6%
Frigates Admiral Makarov
3%
Destroyers Admiral Panteleyev
3%
Destroyers Admiral Vinogradov
3%
Corvettes Astrakhan
3%
Landing ships Azov
3%
Corvettes Bora
3%
Landing ships Caesar Kunikov
3%
Corvettes Grad
3%
Landing ships Ivan Gren
3%
Landing ships Korolev
3%
Nuclear attack submarine Kuzbass
3%
Landing ships Orsk
3%
Nuclear attack submarine Pantera
3%
Conventional attack submarine Rostov na Donu
3%
Corvettes Samum
3%
Destroyers Severomorsk
3%
Nuclear attack submarine Tambov
3%
Frigates Tatarstan
3%
Ballistic missile submarine Verkhoturye
3%
Landing ships Yamal
3%
Ballistic missile submarine Yuriy Dolgorukiy
3%
Destroyers Admiral Chabaneko
0%
Frigates Admiral Flota Kasatonov
0%
Landing ships Admiral Nevelskoy
0%
Patrol boats Ak-209
0%
Patrol boats Ak-223
0%
Patrol boats Ak-248
0%
Patrol boats Al-201
0%
Ballistic missile submarine Aleksandr Nevskiy
0%
Landing ships Aleksandr Otrakovskiy
0%
Corvettes Aleksandrovets
0%
Landing ships Aleksandr Shabalin
0%
Corvettes Aleksin
0%
Mine countermeasures Alexandr Obukhov
0%
Conventional attack submarine Alrosa
0%
Mine countermeasures Anatoly Shlemov
0%
Special purpose submarine AS-13
0%
Special purpose submarine AS-15
0%
Special purpose submarine AS-21
0%
Special purpose submarine AS-35
0%
Landing craft Ataman Platov
0%
Corvettes Boikiy
0%
Corvettes Brest
0%
Mine countermeasures BT-100
0%
Mine countermeasures BT-114
0%
Mine countermeasures BT-115
0%
Mine countermeasures BT-215
0%
Mine countermeasures BT-232
0%
Mine countermeasures BT-245
0%
Mine countermeasures BT-256
0%
Mine countermeasures BT-325
0%
Special purpose ships Chusuvoy
0%
Corvettes Chuvashiya
0%
Landing craft D-106
0%
Landing craft D-107
0%
Landing craft D-131
0%
Landing craft D-144
0%
Landing craft D-1441
0%
Landing craft D-1442
0%
Landing craft D-148
0%
Landing craft D-156
0%
Landing craft D-163
0%
Landing craft D-172
0%
Landing craft D-182
0%
Landing craft D-185
0%
Landing craft D-199
0%
Landing craft D-2110
0%
Landing craft D-296
0%
Landing craft D-297
0%
Landing craft D-308
0%
Landing craft D-325
0%
Landing craft D-365
0%
Landing craft D-464
0%
Landing craft D-465
0%
Landing craft D-56
0%
Landing craft D-57
0%
Landing craft D-67
0%
Landing craft D-70
0%
Landing craft D-704
0%
Landing craft D-809
0%
Landing craft D-810
0%
Frigates Dagestan
0%
Landing craft Denis Davydov
0%
Corvettes Dimitrovgrad
0%
Conventional attack submarine Dmitro
0%
Patrol ships Dmitry Rogachev
0%
Special purpose ships Ekvator
0%
Mine countermeasures Elynya
0%
Landing craft Evgeniy Kocheshkov
0%
Special purpose ships Fedor Golovin
0%
Ballistic missile submarine Generalissimus Suvorov
0%
Landing ships Georgiy Pobedonosets
0%
Mine countermeasures Georgy Kurbatov
0%
Nuclear attack submarine Gepard
0%
Mine countermeasures German Ugryumov
0%
Corvettes Geyzer
0%
Corvettes Grad Sviyazhsk
0%
Corvettes Grayvoron
0%
Corvettes Gremyashchiy
0%
Corvettes Gromkiy
0%
Mine countermeasures Gumanenko
0%
Corvettes Hero of the Russian Federation Aldar Tsydenzhapov
0%
Corvettes Iney
0%
Corvettes Ingushetiya
0%
Mine countermeasures Ivan Antonov
0%
Mine countermeasures Ivan Golubets
0%
Landing craft Ivan Kartsov
0%
Special purpose ships Ivan Khurs
0%
Corvettes Ivanovets
0%
Corvettes Kabardino-Balkariya
0%
Patrol boats Kadet
0%
Corvettes Kalmykiya
0%
Special purpose ships Kareliya
0%
Corvettes Kasimov
0%
Corvettes Kazanets
0%
Corvettes Kholmsk
0%
Special purpose ships Kil'din
0%
Patrol boats Kinel
0%
Ballistic missile submarine Knyaz Oleg
0%
Ballistic missile submarine Knyaz Vladimir
0%
Mine countermeasures Kolomna
0%
Conventional attack submarine Kolpino
0%
Conventional attack submarine Komsomolsk-na-Amure
0%
Landing ships Kondopoga
0%
Corvettes Koryeyets
0%
Mine countermeasures Kotelnich
0%
Mine countermeasures Kovrovets
0%
Conventional attack submarine Krasnokamensk
0%
Special purpose ships KSV-2168
0%
Special purpose ships Kurily
0%
Patrol boats Kursant Kirovets
0%
Corvettes Kuznetsk
0%
Frigates Ladny
0%
Mine countermeasures Leonid Perepech
0%
Mine countermeasures Leonid Sobolev
0%
Nuclear attack submarine Leopard
0%
Landing craft Lieutenant Rimskiy-Korsakov
0%
Conventional attack submarine Lipetsk
0%
Corvettes Livien
0%
Conventional attack submarine | Nuclear attack submarine Magadan
0%
Conventional attack submarine Magnitogorsk
0%
Mine countermeasures Magomed Gadzhiev
0%
Corvettes Makhachkala
0%
Special purpose ships Marshal Krylov
0%
Corvettes Metel
0%
Landing craft Midshipman Lermontov
0%
Corvettes Monchegorsk
0%
Landing craft Mordoviya
0%
Corvettes Morshansk
0%
Corvettes MPK-107
0%
Corvettes MPK-221
0%
Corvettes MPK-82
0%
Mine countermeasures MT-264
0%
Mine countermeasures MT-265
0%
Corvettes Muromets
0%
Corvettes Mytischchi
0%
Corvettes Naberezhnye Chelny
0%
Patrol boats Nakhimovets
0%
Corvettes Naryan-Mar
0%
Frigates Neustrashimyy
0%
Landing ships Nikolay Filchenkov
0%
Landing ships Nikolay Vilkov
0%
Mine countermeasures Novocheboksarsk
0%
Landing ships Novocherkassk
0%
Ballistic missile submarine Novomoskovsk
0%
Conventional attack submarine Novorossiysk
0%
Conventional attack submarine Nurlat
0%
Nuclear attack submarine Obninsk
0%
Corvettes Odintsovo
0%
Landing ships Olenegorskiy Gornyak
0%
Corvettes Onega
0%
Corvettes Orekhovo-Zuyevo
0%
Cruise missile submarine Orel
0%
Landing ships Oslyabya
0%
Patrol boats P-271
0%
Patrol boats P-274
0%
Patrol boats P-275
0%
Patrol boats P-276
0%
Patrol boats P-281
0%
Patrol boats P-282
0%
Patrol boats P-288
0%
Patrol boats P-334
0%
Patrol boats P-377
0%
Patrol boats P-415
0%
Patrol boats P-425
0%
Patrol boats P-429
0%
Patrol boats P-445
0%
Patrol boats P-468
0%
Patrol boats P-548
0%
Patrol boats P-549
0%
Patrol boats P-550
0%
Patrol boats P-558
0%
Patrol boats P-569
0%
Patrol boats P-570
0%
Patrol boats P-571
0%
Patrol boats P-572
0%
Patrol boats P-573
0%
Patrol boats P-5734
0%
Patrol boats P-574
0%
Patrol boats P-576
0%
Patrol boats P-712
0%
Corvettes Passat
0%
Patrol ships Pavel Derzhavin
0%
Patrol boats Pavel Silaev
0%
Landing ships Peresvet
0%
Landing ships Petr Morgunov
0%
Conventional attack submarine Petropavlovsk-Kamchatsky
0%
Patrol boats PM-15
0%
Special purpose submarine Podmoskovye
0%
Mine countermeasures Polyarny
0%
Corvettes Povorino
0%
Special purpose ships Priazovye
0%
Special purpose ships Pribaltika
0%
Frigates Ptylivvy
0%
Mine countermeasures Pyotr Ilyichev
0%
Corvettes R-11
0%
Corvettes R-14
0%
Corvettes R-18
0%
Corvettes R-19
0%
Corvettes R-20
0%
Corvettes R-24
0%
Corvettes R-257
0%
Corvettes R-261
0%
Corvettes R-29
0%
Corvettes R-297
0%
Corvettes R-298
0%
Corvettes R-60
0%
Corvettes Rassvyet
0%
Corvettes Razliv
0%
Mine countermeasures RT-181
0%
Mine countermeasures RT-233
0%
Mine countermeasures RT-234
0%
Mine countermeasures RT-236
0%
Mine countermeasures RT-248
0%
Mine countermeasures RT-471
0%
Mine countermeasures RT-57
0%
Mine countermeasures RT-59
0%
Mine countermeasures RT-71
0%
Ballistic missile submarine Ryazan
0%
Conventional attack submarine Sankt Peterburg
0%
Special purpose submarine Sarov
0%
Mine countermeasures Sergey Kolbasev
0%
Patrol ships Sergey Kotov
0%
Corvettes Serpukhov
0%
Corvettes Shuya
0%
Corvettes Smerch
0%
Corvettes Snezhnogorsk
0%
Mine countermeasures Solovetskiy Yunga
0%
Corvettes Soobrazitelnyy
0%
Corvettes Sovershennyy
0%
Corvettes Sovetsk
0%
Corvettes Sovetskaya Gavan
0%
Conventional attack submarine Staryy Oskol
0%
Corvettes Steregushchiy
0%
Corvettes Stoikiy
0%
Corvettes Stupinets
0%
Patrol boats Suvorovets
0%
Corvettes Suzdalets
0%
Special purpose ships Syzran
0%
Special purpose ships Tavriya
0%
Nuclear attack submarine Tigr
0%
Mine countermeasures Turbinist
0%
Corvettes Uglich
0%
Landing craft unnamed
0%
Corvettes Urengoy
0%
Conventional attack submarine Ust´-Bolsheretsk
0%
Corvettes Ust-Ilimsk
0%
Conventional attack submarine Ust'-Kamchatsk
0%
Mine countermeasures Valentin Pikul
0%
Patrol boats Valery Fedyanin
0%
Special purpose ships Vasiliy Tatishchev
0%
Patrol ships Vasily Bykov
0%
Mine countermeasures Vasily Polyakov
0%
Conventional attack submarine Velikiy Novgorod
0%
Corvettes Velikiy Ustug
0%
Nuclear attack submarine Vepr
0%
Mine countermeasures Vice-admiral Zakharin
0%
Special purpose ships Viktor Leonov
0%
Mine countermeasures Viktor Sigalov
0%
Conventional attack submarine Vladikavkaz
0%
Mine countermeasures Vladimir Emelyanov
0%
Ballistic missile submarine Vladimir Monomakh
0%
Patrol boats Vladimir Nosov
0%
Corvettes Volgodonsk
0%
Nuclear attack submarine Volk
0%
Conventional attack submarine Volkhov
0%
Corvettes Vyshniy Volochek
0%
Mine countermeasures Yadrin
0%
Mine countermeasures Yakov Balyaev
0%
Special purpose ships Yantar
0%
Frigates Yaroslav Mudry
0%
Corvettes Yeysk
0%
Patrol boats Yunarmeets Belomorya
0%
Patrol boats Yunarmeets Chukotki
0%
Patrol boats Yunarmeets Dagestana
0%
Patrol boats Yunarmeets Kamchatki
0%
Patrol boats Yunarmeets Kaspiya
0%
Patrol boats Yunarmeets Kryma
0%
Patrol boats Yunarmeets Primorya
0%
Patrol boats Yunarmeets Sakhalina
0%
Patrol boats Yunarmeets Tatarstana
0%
Patrol boats Yunarmeets Zapolyarya
0%
Corvettes Yunga
0%
Special purpose ships Yuriy Ivanov
0%
Corvettes Zarechnyy
0%
Corvettes Zelenodolsk
0%
Corvettes Zelenyy Dol
0%
Mine countermeasures Zheleznyakov
0%
Special purpose ships Zhigulevsk
0%
Corvettes Zyb
0%
No matching quizzes found
Score Distribution
Percent of People with Each Score
Percentile by Number Answered
Your Score History
You have not taken this quiz